A theory of justice / (Record no. 290)

000 -LEADER
fixed length control field 00972cam a22002894a 4500
001 - CONTROL NUMBER
control field 13767325
003 - CONTROL NUMBER IDENTIFIER
control field OSt
005 - DATE AND TIME OF LATEST TRANSACTION
control field 20140116120823.0
008 - FIXED-LENGTH DATA ELEMENTS--GENERAL INFORMATION
fixed length control field 041101r20051971nyua b 001 0 eng
010 ## - LIBRARY OF CONGRESS CONTROL NUMBER
LC control number 2004060697
020 ## - INTERNATIONAL STANDARD BOOK NUMBER
International Standard Book Number 9780674017726
040 ## - CATALOGING SOURCE
Original cataloging agency DLC
Transcribing agency DLC
Modifying agency DLC
042 ## - AUTHENTICATION CODE
Authentication code pcc
050 00 - LIBRARY OF CONGRESS CALL NUMBER
Classification number JC578.R39 1971
100 1# - MAIN ENTRY--PERSONAL NAME
Personal name Rawls, John,
Dates associated with a name 1921-2002.
245 12 - TITLE STATEMENT
Title A theory of justice /
Statement of responsibility, etc John Rawls.
250 ## - EDITION STATEMENT
Edition statement Original ed.
260 ## - PUBLICATION, DISTRIBUTION, ETC. (IMPRINT)
Place of publication, distribution, etc Cambridge :
Name of publisher, distributor, etc Belknap Press,
Date of publication, distribution, etc 1971.
300 ## - PHYSICAL DESCRIPTION
Extent xv, 607 p. :
Other physical details ill. ;
Dimensions 23 cm.
500 ## - GENERAL NOTE
General note Reprint. Originally published: 1971.
504 ## - BIBLIOGRAPHY, ETC. NOTE
Bibliography, etc Includes bibliographical references and index.
650 #0 - SUBJECT ADDED ENTRY--TOPICAL TERM
Topical term or geographic name as entry element Justice.
856 41 - ELECTRONIC LOCATION AND ACCESS
Materials specified Table of contents
Uniform Resource Identifier <a href="http://www.loc.gov/catdir/toc/fy053/2004060697.html">http://www.loc.gov/catdir/toc/fy053/2004060697.html</a>
906 ## - LOCAL DATA ELEMENT F, LDF (RLIN)
a 7
b cbc
c orignew
d 1
e ocip
f 20
g y-gencatlg
942 ## - ADDED ENTRY ELEMENTS (KOHA)
Source of classification or shelving scheme
Koha item type Book
Holdings
Withdrawn status Lost status Source of classification or shelving scheme Damaged status Not for loan Home library Current library Date acquired Source of acquisition Total Checkouts Full call number Barcode Date last seen Date checked out Copy number Price effective from Koha item type
          Riara University Library Riara University Library 14/10/2011 Purchase 3 JC578.R39 1971 386/11 28/07/2021 15/07/2021 C.2 14/10/2011 Book
          Riara University Library Riara University Library 14/10/2011 Purchase 2 JC578.R39 1971 385/11 26/06/2015 17/06/2015 C.1 14/10/2011 Book
          Riara University Library Riara University Library 14/10/2011 Purchase 4 JC578.R39 1971 387/11 18/11/2016 18/11/2016 C.3 14/10/2011 Book

Riara University Library,
P.O. Box 49940-00100,
Nairobi, Kenya.